Normal view
MARC view
- Masferrer Kan, Elio
Entry Nombre Personal
001 - NUMERO DE CONTROL
- campo de control: 33635
003 - IDENTIFICADOR DE NUMERO DE CONTROL
- campo de control: UPN
005 - FECHA Y HORA DE LA ÜLTIMA TRANSACCIÓN
- campo de control: 20210219194444.0
008 - DATOS DE LONGITUD FIJA
- campo de control de longitud fija: nabaccnnaabn|||||||||| b |nc|||||d
035 ## - NUMERO DE CONTROL
- Número de control: UPN11000005742
040 ## - FUENTE DE CATALOGACIÓN
- Lenguaje de catalogación: SPA
- Agencia de transcripción: UPN
100 1# - ENCABEZAMIENTO - NOMBRE PERSONAL
- Nombre personal: Masferrer Kan, Elio
670 ## - FUENTE EN LA QUE SE LOCALIZARON DATOS
- Cita de la fuente: T
- Información localizada: Religión, poder y cultura
680 ## - NOTA PUBLICA DE ACCESO PÚBLICO
- Frase explicativa de la referencia: Licenciado en Historia con especialización en Antropología en la Universidad Nacional de Rosario, Argentina. Maestro en Antropología Social por la Universidad Iberoamericana. Doctor en Antropología por la ENAH
902 ## - CATALOGADOR
- Catalogador: MCM/300513
